00306 2200133 4500001002100000005001500021035002000036245005200056300000700108260002500115082000800140084001200148990001200160INLIS00000000000209320250527100015 a0010-0525000385 aIngin Bekerja Di Negara ,Mana /cTammi Prastowo a60 bCempaka Putih,c2007 a600 a600 ING a0713227